Statistiques concernant Quiz chiffres sociologie (Chiffres France)

Cliquez ici pour prendre le quiz!

Statistiques générales

  • Ce quiz a été pris 71 fois
    (46 depuis la dernière actualisation)
  • Le résultat moyen est 21 sur 57

Statistiques - réponses

HintRéponse% Correct
Sur 10 à combien est ce que ces révisions te saoule ?10
70%
Passage aux 39 heures avec Mitterrand1982
70%
Passage aux 35 heures Martine Aubry1998
70%
Date de la création du code du travail1910
65%
Passage aux 40 heures plus RTT1936
65%
Part des femmes dans l'emploi total en 202148%
55%
Part du secteur tertiaire dans le monde de l'emploi (pourcentage d'employés dans le tertiaire) ?
Vie Publique 2020
79,6 %
55%
Syndicalisation en 20208 %
55%
Part du secteur secondaire dans le monde de l'emploi (pourcentage d'employés dans le secondaire) ?
Vie Publique 2020
18,2 %
50%
Part du secteur primaire dans le monde de l'emploi (pourcentage d'employés dans le primaire) ?
Vie Publique
2,1 %
50%
Syndicalisation en 194930 %
50%
Taux de chômage en 2023 (T1)7,1 %
45%
part d'entreprises 10 à 49 salariés ayant fait face a une greve en 20201 %
40%
Pourcentage de CDD et interim en 202210 %
40%
Répartitions de PCS de 1982 à 2020 (répondre 100 pour cette case)100
40%
SMIC en 2024 (euro près)1398,69
40%
Date de sortie de l'ouvrage de Adam Smith "de la richesse des nations"1776
40%
Mise en place du Toyotisme avec Taiichi Ohno1960
40%
Part des salariés qui se sentent déclassés 2014 2015 (intergénérationnel) (INSEE)25 %
40%
Pourcentage de salariés qui télétravaillent régulièrement (janvier 2021)27 %
40%
Taux de chômage en 1975 (T1)3,2 %
40%
Pourcentage de CDD et interim en 19824 %
40%
Pourcentage d'indépendants en 202112 %
35%
Interdiction de faire travailler les moins de 8 ans1841
35%
Lois sur l'hygiène au travail1893
35%
Agriculteurs2 %
35%
Part de salariés déclassés (niveau de diplôme plus élevé que ceux habituels dans leur professions)20 %
35%
% de personnes déclarant avoir été victimes de discriminations au travail23 %
35%
Nombre d'accidents dû au travail 2021 (a peu près, fini par des 0)600 000
35%
Agriculteurs7 %
35%
Part de salariés en France en 196272 %
35%
Part de salariés en France en 201790 %
35%
Part de l'emploi en temps partiel en 198210 %
30%
Instauration de l'inspection au travail1892
30%
Pourcentage d'indépendants en 198020 %
30%
Nombre d'accidents du travail par million d'heures travaillées pour Hommes23
30%
part d'entreprises de plus de 500 salariés ayant fait face a une greve en 202025 %
30%
Professions intermédiaires26 %
30%
Taux d'emploi des femmes en 1975 (15-64) (INSEE documents travail de groupe)52 %
30%
Artisans, Commerçants, Chefs d'entreprises6 %
30%
Taux d'emploi des femmes en 2022 (15-64) (INSEE documents travail de groupe)66 %
30%
Pourcentage de CDI en 1982 a peu pres76 %
30%
Artisans, Commerçants, Chefs d'entreprises8 %
30%
Moyenne du nombre d'heures travaillées légalement en France en 2020 par personnes (OCDE)1402
25%
Part de l'emploi en temps partiel en 202217,5 %
25%
Le % d’entreprises ayant engagé des négociations collectives17,8 %
25%
Nombre d'accidents du travail par million d'heures travaillées pour Femmes18
25%
Ouvriers19,6 %
25%
CPIS20 %
25%
Professions intermédiaires20 %
25%
Employés25 %
25%
Employés27 %
25%
Ouvriers30,3 %
25%
Pourcentage de CDI en 2022 a peu pres73 %
25%
Application de la SST au travail avec convention n°155 de l'OIT1881
20%
% des actifs occupés déclarent être soumis à un travail intense ou subir des pressions temporelles.64 %
20%
CPIS8 %
20%

Distribution des résultats

Percentile par nombre de réponses

% des personnes avec chaque résultat

Votre développement - résultats

Vous n’avez pas pris ce quiz depuis la dernière actualisation